Grover's guessing game about animals / (Record no. 9883)

MARC details
000 -LEADER
fixed length control field 00926nam a22002777a 4500
001 - CONTROL NUMBER
control field 9883
003 - CONTROL NUMBER IDENTIFIER
control field FISKH
005 - DATE AND TIME OF LATEST TRANSACTION
control field 20260311153220.0
008 - FIXED-LENGTH DATA ELEMENTS--GENERAL INFORMATION
fixed length control field 260311b cb ||||| |||| 00| 0 eng d
020 ## - INTERNATIONAL STANDARD BOOK NUMBER
International Standard Book Number 805219070352
040 ## - CATALOGING SOURCE
Original cataloging agency FISKH
Language of cataloging eng
Transcribing agency FISKH
Modifying agency FISKH
050 ## - LIBRARY OF CONGRESS CALL NUMBER
Classification number GV1201 .G76
082 ## - DEWEY DECIMAL CLASSIFICATION NUMBER
Classification number 591
100 ## - MAIN ENTRY--PERSONAL NAME
Personal name Kleinberg, Naomi
245 ## - TITLE STATEMENT
Title Grover's guessing game about animals /
260 ## - PUBLICATION, DISTRIBUTION, ETC.
Place of publication, distribution, etc. Bendon :
Name of publisher, distributor, etc. Ashland,
Date of publication, distribution, etc. 2007.
300 ## - PHYSICAL DESCRIPTION
Extent 10 unnumbered pages :
Other physical details color illustrations ;
Dimensions 25 cm
490 ## - SERIES STATEMENT
Series statement Sesame Street Four First Board Books
505 ## - FORMATTED CONTENTS NOTE
Formatted contents note D<br/>
520 ## - SUMMARY, ETC.
Summary, etc. Grover invites readers to play a fun guessing game about animals.<br/>Each page gives clues about an animal, and children try to guess the answer before turning the page.
521 8# - TARGET AUDIENCE NOTE
Target audience note 160<br/>
Source Lexile estimate<br/>
521 8# - TARGET AUDIENCE NOTE
Target audience note D<br/>
Source Raz-Plus<br/>
650 ## - SUBJECT ADDED ENTRY--TOPICAL TERM
Topical term or geographic name entry element Characters
Form subdivision Juvenile literature
General subdivision Animals
942 ## - ADDED ENTRY ELEMENTS (KOHA)
Source of classification or shelving scheme Dewey Decimal Classification
Koha item type Books
Suppress in OPAC No
Holdings
Withdrawn status Lost status Source of classification or shelving scheme Damaged status Not for loan Collection Home library Current library Shelving location Date acquired Total Checkouts Full call number Barcode Date last seen Copy number Price effective from Koha item type
    Dewey Decimal Classification     Juvenile Fiction Footprints International School Library Network Toul Tom Poung Campus Footprints International School Library Network Toul Tom Poung Campus TTP Primary Green Bookshelves 03/11/2026   KLE 591 GV1201 .G76 FISBK07134 03/11/2026 1 03/11/2026 Books